000
00281nam a2200121 a 4500
005
20140414093828.0
008
030429s19uu xx 00 eng d
050
_a
VHS 800
_b
R 02
245
_a
Romeo & Juliet.
500
_a
Library has 2 copies
942
_c
AVM
999
_c
108567
_d
108567